Detalles MARC
| 000 -LÍDER |
| Campo fijo de descripción fija |
02550cam a22004094i 4500 |
| 001 - NÚMERO DE CONTROL |
| Campo de control |
768714001 |
| 003 - IDENTIFICADOR DEL NÚMERO DE CONTROL |
| Campo de control |
CO-MdFUSB |
| 005 - FECHA Y HORA DE LA ULTIMA TRANSACCIÓN |
| control field |
20200414144357.0 |
| 007 - CAMPO FIJO DE DESCRIPCIÓN FIJA--INFORMACIÓN GENERAL |
| Campo fijo de descripción fija |
cr cn||||||||| |
| 008 - ELEMENTOS DE LONGITUD FIJA -- INFORMACIÓN GENERAL |
| Campo fijo de descripción fija -- Información general |
130205t2013 sp ||||gs|||||||||||spa d |
| 020 ## - NÚMERO INTERNACIONAL NORMALIZADO PARA LIBROS |
| Número Internacional Normalizado del libro |
9788499455181 |
| Cancelado / ISBN no válido |
electrónico |
| 040 ## - FUENTE DE CATALOGACIÓN |
| Agencia de catalogación original |
CO-MdFUSBC |
| Idioma de catalogación |
spa. |
| Agencia que realiza la transcripción |
CO-MdFUSB |
| Agencia que realiza la modificación |
CO-MdFUSBC |
| Convenciones de la descripción |
rda |
| 041 ## - CÓDIGO DE IDIOMA |
| Código de idioma para texto/pista de sonido o título separado |
spa |
| 082 04 - NÚMERO DE CLASIFICACIÓN DECIMAL DEWEY |
| Número de clasificación |
210 |
| Número de la edición del Dewey |
23 |
| 100 1# - ASIENTO PRINCIPAL--NOMBRE PERSONAL |
| Nombre personal |
Turiot, Cécile. |
| Término relacionador |
autor |
| 240 ## - TITULO UNIFORME |
| Título uniforme |
<a href="Lectures figuratives de la Bible.">Lectures figuratives de la Bible.</a> |
| 245 10 - TÍTULO |
| Título del Material |
Lecturas figurativas de la Biblia |
| Mención de responsabilidad, etc. |
/ Cécile Turiot ; traducido por Pedro Barrado y Mª del Pilar Salas |
| Medio físico |
[recurso electrónico] |
| 264 #1 - PRODUCCIÓN, PUBLICACIÓN, DISTRIBUCIÓN, MANUFACTURA, Y COPYRIGHT |
| Lugar de producción, publicación, distribución, manufactura |
España : |
| Nombre del productor, publicador, distribuidor |
Verbo Divino, |
| Fecha de producción, publicación, distribución, manufactura, o copyright |
[2013] |
| 264 #4 - PRODUCCIÓN, PUBLICACIÓN, DISTRIBUCIÓN, MANUFACTURA, Y COPYRIGHT |
| Fecha de producción, publicación, distribución, manufactura, o copyright |
© 2013 |
| 300 ## - DESCRIPCIÓN FÍSICA |
| Extensión |
recurso en línea (62 páginas) |
| Dimensiones |
; |
| 336 ## - TIPO DE CONTENIDO |
| Fuente |
rdacontent |
| Término de tipo de contenido |
texto |
| Código de tipo de contenido |
txt |
| 337 ## - TIPO DE MEDIO |
| Fuente |
rdamedia |
| Nombre del tipo de medio |
informático |
| Código del tipo de medio |
n |
| 338 ## - TIPO DE SOPORTE |
| Fuente |
rdacarrier |
| Nombre del tipo de soporte |
remoto |
| Código Tipo de soporte |
nc |
| 347 ## - CARACTERÍSTICAS DEL ARCHIVO DIGITAL |
| Fuente |
rda |
| Tipo de archivo |
fichero de texto |
| Formato de codificación |
Html |
| 490 1# - MENCIÓN DE SERIE |
| Mención de serie |
Cuadernos Bíblicos |
| 505 ## - NOTA DE CONTENIDO |
| Nota de contenido con formato preestablecido |
Lecturas figurativas de la Biblia Introducción Lección 1: la curación de un niño poseído (Mc 9,14-29) El lugar del lector Leer el texto La estructura narrativa Una figura del texto entre otras Lección 2: La curación de Naamán (2 Re 5,1-19) Leer el texto La estructura narrativa Lo figurativo Las originalidades del texto Lección 3: el sueño de Jacob en Betel (Gn 28,10-22) Primera lectura Análisis figurativo Desafíos metodológicos ¿Qué es una figura? Lección 4: el becerro de oro (Ex 31,18– 32,29) Primera lectura Análisis figurativo Prolongaciones teológicas 3 4 8 14 21 28 Lección 5: la mujer adúltera (Jn 8,2-12) Leer el texto Análisis narrativo Análisis figurativo Lección 6: la parábola de la cizaña y su explicación (Mt 13,24-30.34-43) Leer el texto Dimensión figurativa y enunciación Función de la parábola Lección 7: Salmo 1 e himno (Flp 2,5-11) Leer el Salmo 1 Análisis figurativo Para ir más allá Leer el himno Análisis narrativo Análisis figurativo Para ir más allá Conclusión Para saber más Lista de recuadros. |
| 516 ## - NOTA DE TIPO DE ARCHIVO O DATOS DE COMPUTADOR |
| Nota de tipo de archivo o datos de computador |
Texto electrónico<br/> |
| 538 ## - NOTA DE DETALLES DEL SISTEMA |
| Nota de detalles del sistema |
Acceso a Internet; requiere usuario y clave asignada por la biblioteca<br/> |
| 650 #4 - ASIENTO SECUNDARIO DE MATERIA - TERMINO TEMÁTICO |
| Término temático o nombre geográfico como elemento de entrada |
Religión. |
| 700 1# - ASIENTO SECUNDARIO - NOMBRE PERSONAL |
| Nombre personal |
Barrado, Pedro. |
| Responsabilidad |
traductor |
| 700 1# - ASIENTO SECUNDARIO - NOMBRE PERSONAL |
| Nombre personal |
Salas, María del Pilar. |
| Responsabilidad |
traductor |
| 830 ## - PUNTO DE ACCESO ADICIONAL DE SERIE - TÍTULO UNIFORME |
| Título uniforme |
Cuadernos Bíblicos |
| Designación de volumen o secuencia |
139 |
| 856 40 - LOCALIZACIÓN Y ACCESO ELECTRÓNICOS |
| Identificador Uniforme del Recurso |
<a href="http://site.ebrary.com/lib/unisbcsp/Doc?id=10693239">http://site.ebrary.com/lib/unisbcsp/Doc?id=10693239</a> |
| Numero de Acceso |
10693239 |
| Nota dirigida al público |
<a href="Abrir Versión electrónica del libro Lecturas figurativas de la Biblia ">Abrir Versión electrónica del libro Lecturas figurativas de la Biblia </a> |
| 942 ## - TIPO DE MATERIAL (KOHA) |
| Tipo de Item KOHA |
Libros General |
| 945 ## - INFORMACIÓN LOCAL DEL REGISTRO |
| Catalogador |
JTF-925 |